000 00566nam a2200181Ia 4500
003 GCL
008 140319s9999 xx 000 0 ara d
040 _aGCL /
_cGCL
082 0 4 _a812.008
_bم ع
100 1 _aمحمود تيمور
245 1 0 _aعروس النيل: مسرحية غنائية ذات ثلاثة فصول /
_cمحمود تيمور
300 _a76 ص
490 _a
650 0 4 _aالمسرحيات الشعبية
650 0 4 _aالمسرحيات العربية
650 0 4 _aالادب العربى - العصر الحديث
942 _2ddc
_cBK
999 _c42360
_d42360